000 00690nam a22002177i 4500
001 IT\ICCU\SBL\0584967
003 ItRI
005 20260115232319.0
008 910930s1977 it |||||| ||||| |||||c
015 _2IT
_a777445
040 _bita
_cimportazione bologna sebina
041 7 _aita
_2ISO-639-2
082 _a301.412
_9DONNA
_218
100 1 _aMelandri, Lea
_0IT\ICCU\CFIV\010667
_4aut
240 1 2 _aL'infamia originaria
_3IT\ICCU\TO0\1940155
_9Melandri, Lea
245 1 2 _aL'infamia originaria :
_bfacciamola finita col cuore e la politica /
_cLea Melandri.
260 _aMilano :
_bL'erba voglio,
_c1977
300 _a135 p. ;
_c20 cm
650 7 _aDonna
_2scbi
942 _2ddc
_cBK
_n0
999 _c20457
_d20457